पदनाम और संक्षिप्ताक्षर : (Record no. 120868)
[ view plain ]
| 000 -LEADER | |
|---|---|
| fixed length control field | 01140nam a22002537a 4500 |
| 005 - DATE AND TIME OF LATEST TRANSACTION | |
| control field | 20170124103204.0 |
| 010 ## - LIBRARY OF CONGRESS CONTROL NUMBER | |
| LC control number | A-910824 |
| 020 ## - INTERNATIONAL STANDARD BOOK NUMBER | |
| Terms of availability | 175.00 |
| 035 ## - SYSTEM CONTROL NUMBER | |
| System control number | A-910824 |
| 037 ## - SOURCE OF ACQUISITION | |
| Source of stock number/acquisition | Cen Lib/Ret |
| 040 ## - CATALOGING SOURCE | |
| Original cataloging agency | DPL |
| Language of cataloging | HN |
| 082 ## - DEWEY DECIMAL CLASSIFICATION NUMBER | |
| Classification number | 401.702 |
| Item number | सेठीह |
| 100 ## - MAIN ENTRY--PERSONAL NAME | |
| Personal name | सेठी, हरीश कुमार |
| 9 (RLIN) | 279 |
| 245 ## - TITLE STATEMENT | |
| Title | पदनाम और संक्षिप्ताक्षर : |
| Statement of responsibility, etc | हरीश कुमार सेठी |
| Remainder of title | हिंदी अनुवाद का सन्दर्भ / |
| 246 ## - VARYING FORM OF TITLE | |
| Title proper/short title | Padnam aur sankiptakshar : hindi anuvad ka sandarbh / |
| Remainder of title | by Hareesh Kumar Sethi |
| 260 ## - PUBLICATION, DISTRIBUTION, ETC. (IMPRINT) | |
| Place of publication, distribution, etc | दिल्ली |
| Name of publisher, distributor, etc | साहित्य भारती |
| Date of publication, distribution, etc | 1997 |
| 270 ## - ADDRESS | |
| City | दिल्ली |
| Address | के-72, कृष्ण नगर |
| Postal code | 110051 |
| 300 ## - PHYSICAL DESCRIPTION | |
| Extent | 183पृ. |
| Dimensions | 21सेमी(सजिल्द ) |
| 650 ## - SUBJECT ADDED ENTRY--TOPICAL TERM | |
| Topical term or geographic name as entry element | हिंदी -- भाषा |
| General subdivision | |
| Geographic subdivision | |
| 9 (RLIN) | 93071 |
| 650 ## - SUBJECT ADDED ENTRY--TOPICAL TERM | |
| Topical term or geographic name as entry element | हिंदी अनुवाद सिद्धांत |
| 9 (RLIN) | 4281 |
| 650 ## - SUBJECT ADDED ENTRY--TOPICAL TERM | |
| Topical term or geographic name as entry element | Hindi language |
| 9 (RLIN) | 9446 |
| 650 ## - SUBJECT ADDED ENTRY--TOPICAL TERM | |
| Topical term or geographic name as entry element | Hindi translation theory |
| 9 (RLIN) | 93072 |
| 942 ## - ADDED ENTRY ELEMENTS (KOHA) | |
| Source of classification or shelving scheme | Dewey Decimal Classification |
| Koha item type | Hindi Books |
| Classification part | 401.702 |
| Call number suffix | सेठीह |
| Withdrawn status | Lost status | Damaged status | Not for loan | Home library | Current library | Date acquired | Source of acquisition | Cost, normal purchase price | Total Checkouts | Full call number | Barcode | Date last seen | Copy number | Cost, replacement price | Price effective from | Koha item type |
|---|---|---|---|---|---|---|---|---|---|---|---|---|---|---|---|---|
| Central Library | Central Library | 29/09/2015 | Cen Lib/Ret | 175.00 | 401.702 सेठीह | A-910824 | 29/09/2015 | 1 | 175.00 | 29/09/2015 | Hindi Books |
